Olivia takes a trip / (Record no. 4170)

MARC details
000 -LEADER
fixed length control field 00999nam a22002897a 4500
001 - CONTROL NUMBER
control field 4170
003 - CONTROL NUMBER IDENTIFIER
control field FISKH
005 - DATE AND TIME OF LATEST TRANSACTION
control field 20250513090839.0
008 - FIXED-LENGTH DATA ELEMENTS--GENERAL INFORMATION
fixed length control field 240625b cb ||||| |||| 00| 0 eng d
020 ## - INTERNATIONAL STANDARD BOOK NUMBER
International Standard Book Number 9781416999331
040 ## - CATALOGING SOURCE
Original cataloging agency FISKH
Language of cataloging eng
Transcribing agency FISKH
Modifying agency FISKH
050 ## - LIBRARY OF CONGRESS CALL NUMBER
Classification number PZ7.B8398
082 ## - DEWEY DECIMAL CLASSIFICATION NUMBER
Classification number 557
100 ## - MAIN ENTRY--PERSONAL NAME
Personal name O'Ryan, Ellie
245 ## - TITLE STATEMENT
Title Olivia takes a trip /
Statement of responsibility, etc. Adapted by Ellie O'Ryan ; Based on the screenplay " OLIVIA Take a Road Trip" ; Written by Eric Shaw ; Illustrated by Jared Osterhold
260 ## - PUBLICATION, DISTRIBUTION, ETC.
Place of publication, distribution, etc. New York :
Name of publisher, distributor, etc. Simon Spotlight,
Date of publication, distribution, etc. 2010
300 ## - PHYSICAL DESCRIPTION
Extent 24 unnumbered pages :
Other physical details color illustrations ;
Dimensions 23 cm
490 ## - SERIES STATEMENT
Series statement Ready to read
Volume/sequential designation Level one
505 ## - FORMATTED CONTENTS NOTE
Formatted contents note J<br/>
520 ## - SUMMARY, ETC.
Summary, etc. Olivia wiles away a long, tedious car trip by pretending to be on a jet to visit Grandma.<br/>
521 8# - TARGET AUDIENCE NOTE
Target audience note 460<br/>
Source Lexile <br/>
521 8# - TARGET AUDIENCE NOTE
Target audience note J<br/>
Source Raz-Plus <br/>
650 ## - SUBJECT ADDED ENTRY--TOPICAL TERM
Topical term or geographic name entry element Adventure
Form subdivision Travel
General subdivision Children's
700 ## - ADDED ENTRY--PERSONAL NAME
Personal name Osterhold, Jared
Relator term illustrator
942 ## - ADDED ENTRY ELEMENTS (KOHA)
Source of classification or shelving scheme Dewey Decimal Classification
Koha item type Books
Suppress in OPAC No
Holdings
Withdrawn status Lost status Source of classification or shelving scheme Damaged status Not for loan Collection Home library Current library Shelving location Date acquired Total Checkouts Full call number Barcode Date last seen Date last checked out Price effective from Koha item type Copy number
    Dewey Decimal Classification     Juvenile Fiction Footprints International School Library Network Toul Kork Campus Footprints International School Library Network Toul Kork Campus TK Primary Library Room(4th Floor), Bookcase 1&2, Shelves 1-16, Dark Blue Books 06/25/2024 1 O'RY 557 PZ7.B8398 FISTK01104 02/27/2025 08/08/2024 06/25/2024 Books  
    Dewey Decimal Classification     Juvenile Fiction Footprints International School Library Network Toul Tom Poung Campus Footprints International School Library Network Toul Tom Poung Campus TTP Primary Dark Blue Bookshelves 05/13/2025   O'RY 557 PZ7.B8398 2025-1284 05/13/2025   05/13/2025 Books 2